| 000 | 01360nam2a22002651 4500 | ||
|---|---|---|---|
| 001 | RU\NLR\INFOCOMM4\1000511215 | ||
| 005 | 20250617155050.0 | ||
| 035 | _a(NLR Aleph) 002756057 | ||
| 090 |
_a2187105 _c2187105 |
||
| 100 | _a20040211d1984 |||y0rusy50 ca | ||
| 101 | 0 | _arus | |
| 102 | _aRU | ||
| 105 | _ay ||||||||| | ||
| 200 | 1 |
_aСтабилизированные источники питания (силовые) _fЧащина С.В. _gШипаева С.Н. |
|
| 210 |
_d1984 _aБ. м. |
||
| 461 | 0 |
_1001RU\NLR\INFOCOMM4\1000511109 _12001#$aТематический указатель литературы$fВсесоюз. ордена Ленина электротехн. ин-т им. В.И. Ленина. Отд. науч. информации$v№195(852) _92186212 _aВсесоюзный электротехнический институт им. В.И. Ленина _cМ. _d1969- _fВсесоюз. ордена Ленина электротехн. ин-т им. В.И. Ленина. Отд. науч. информации _tТематический указатель литературы _v№195(852) |
|
| 700 | 1 |
_aЧащина _bС.В. _4070 |
|
| 701 | 1 |
_aШипаева _bС.Н. _4070 |
|
| 801 | 1 |
_aRU _bInfoComm _c20040211 |
|
| 801 | 0 |
_aRU _bNLR _gPSBO |
|
| 852 |
_aNLR _bС _jП-1/819 |
||
| 942 | _cISSUE | ||
| 980 | _aNB | ||
| 980 | _aRUSPER | ||